Trước ngưỡng của thiên đường Tiểu thuyết đương đại Mỹ
Đã lưu trong:
| Tác giả chính: | |
|---|---|
| Tác giả khác: | |
| Định dạng: | Sách |
| Được phát hành: |
H.
Lao Động
1972
|
| Những chủ đề: | |
| Các nhãn: |
Thêm thẻ
Không có thẻ, Là người đầu tiên thẻ bản ghi này!
|
| Thư viện lưu trữ: | Trung tâm Học liệu Lê Vũ Hùng, Trường Đại học Đồng Tháp |
|---|
| LEADER | 00813pam a22002298a 4500 | ||
|---|---|---|---|
| 001 | 00021918 | ||
| 005 | 20171026081023.0 | ||
| 008 | 110526s1972 ||||||Viesd | ||
| 041 | 0 | # | |a Vie |
| 082 | 1 | 4 | |a 813 |b TR557NG |
| 100 | 0 | # | |a Isasles, Susan |
| 245 | 0 | 0 | |a Trước ngưỡng của thiên đường |b Tiểu thuyết đương đại Mỹ |c Susan Isasles; Trịnh Huy Ninh người dịch |
| 260 | # | # | |a H. |b Lao Động |c 1972 |
| 300 | # | # | |a 371 tr. |c 19 cm. |
| 650 | # | 4 | |a Văn học Mỹ |
| 650 | # | 4 | |a Văn học trung đại |
| 653 | # | # | |a Tiểu thuyết |
| 700 | 0 | # | |a Trịnh Huy Ninh |e người dịch |
| 852 | # | # | |b Kho đọc |j KD.0007413 |
| 852 | # | # | |j KD.0007413 |
| 910 | 0 | # | |a Ngọc |d 26/05/2011 |
| 980 | # | # | |a Trung tâm Học liệu Lê Vũ Hùng, Trường Đại học Đồng Tháp |